| 000 -LEADER |
| fixed length control field |
02394cam a22004577a 4500 |
| 001 - CONTROL NUMBER |
| control field |
17179909 |
| 003 - CONTROL NUMBER IDENTIFIER |
| control field |
Nust- CAS-E |
| 005 - DATE AND TIME OF LATEST TRANSACTION |
| control field |
20180118181402.0 |
| 008 - FIXED-LENGTH DATA ELEMENTS--GENERAL INFORMATION |
| fixed length control field |
120224s2012 nyua b 000 0 eng d |
| 010 ## - LIBRARY OF CONGRESS CONTROL NUMBER |
| LC control number |
2011284958 |
| 020 ## - INTERNATIONAL STANDARD BOOK NUMBER |
| International Standard Book Number |
9781107023406 |
| 020 ## - INTERNATIONAL STANDARD BOOK NUMBER |
| International Standard Book Number |
1107023408 |
| 020 ## - INTERNATIONAL STANDARD BOOK NUMBER |
| International Standard Book Number |
9781107607101 |
| 020 ## - INTERNATIONAL STANDARD BOOK NUMBER |
| International Standard Book Number |
1107607108 (pbk.) |
| 035 ## - SYSTEM CONTROL NUMBER |
| System control number |
(OCoLC)ocn759914978 |
| 040 ## - CATALOGING SOURCE |
| Original cataloging agency |
BTCTA |
| Language of cataloging |
eng |
| Transcribing agency |
BTCTA |
| Modifying agency |
EMU |
| -- |
YDXCP |
| -- |
MUU |
| -- |
CDX |
| -- |
TOH |
| -- |
DLC |
| 042 ## - AUTHENTICATION CODE |
| Authentication code |
lccopycat |
| 050 00 - LIBRARY OF CONGRESS CALL NUMBER |
| Classification number |
TD195.E49 |
| Item number |
R47 2012 |
| 082 04 - DEWEY DECIMAL CLASSIFICATION NUMBER |
| Classification number |
333.794 |
| Author Mark |
REN 2012 |
| 245 00 - TITLE STATEMENT |
| Title |
Renewable energy sources and climate change mitigation : |
| Remainder of title |
special report of the Intergovernmental Panel on Climate Change / |
| Statement of responsibility, etc. |
edited by Ottmar Edenhofer, Ramón Pichs Madruga, Youba Sokona [and] Technical Support Unit Working Group III, Potsdam Institute for Climate Impact Research (PIK). |
| 246 1# - VARYING FORM OF TITLE |
| Display text |
Also known as: |
| Title proper/short title |
SRREN |
| 246 1# - VARYING FORM OF TITLE |
| Display text |
Also known as: |
| Title proper/short title |
Working Group III special report on renewable energy sources and climate change mitigation |
| 246 3# - VARYING FORM OF TITLE |
| Title proper/short title |
Special report on renewable energy sources and climate change mitigation |
| 260 ## - PUBLICATION, DISTRIBUTION, ETC. |
| Place of publication, distribution, etc. |
New York : |
| Name of publisher, distributor, etc. |
Cambridge University Press, |
| Date of publication, distribution, etc. |
c2012. |
| 300 ## - PHYSICAL DESCRIPTION |
| Extent |
xii, 1076 p. : |
| Other physical details |
col. ill. ; |
| Dimensions |
28 cm. |
| 504 ## - BIBLIOGRAPHY, ETC. NOTE |
| Bibliography, etc. note |
Includes bibliographical references. |
| 505 0# - FORMATTED CONTENTS NOTE |
| Formatted contents note |
Ch. 1. Renewable energy and climate change -- Ch. 2. Bioenergy -- Ch. 3. Direct solar energy -- Ch. 4. Geothermal energy -- Ch. 5. Hydropower -- Ch. 6. Ocean energy -- Ch. 7. Wind energy -- Ch. 8. Integration of renewable energy into present and future energy systems -- Ch. 9. Renewable energy in the context of sustainable development -- Ch. 10. Mitigation potential and costs -- Ch. 11. Policy, financing and implementation. |
| 650 #0 - SUBJECT ADDED ENTRY--TOPICAL TERM |
| Topical term or geographic name entry element |
Renewable energy sources |
| General subdivision |
Environmental aspects. |
| 650 #0 - SUBJECT ADDED ENTRY--TOPICAL TERM |
| Topical term or geographic name entry element |
Renewable energy sources. |
| 650 #0 - SUBJECT ADDED ENTRY--TOPICAL TERM |
| Topical term or geographic name entry element |
Climate change mitigation. |
| 700 1# - ADDED ENTRY--PERSONAL NAME |
| Personal name |
Edenhofer, Ottmar. |
| 700 1# - ADDED ENTRY--PERSONAL NAME |
| Personal name |
Pichs Madruga, Ramón, |
| Dates associated with a name |
1962- |
| 700 1# - ADDED ENTRY--PERSONAL NAME |
| Personal name |
Sokona, Y. |
| 710 2# - ADDED ENTRY--CORPORATE NAME |
| Corporate name or jurisdiction name as entry element |
United Nations Environment Programme. |
| 710 2# - ADDED ENTRY--CORPORATE NAME |
| Corporate name or jurisdiction name as entry element |
World Meteorological Organization. |
| 710 2# - ADDED ENTRY--CORPORATE NAME |
| Corporate name or jurisdiction name as entry element |
Intergovernmental Panel on Climate Change. |
| Subordinate unit |
Working Group III. |
| 710 2# - ADDED ENTRY--CORPORATE NAME |
| Corporate name or jurisdiction name as entry element |
Potsdam-Institut für Klimafolgenforschung. |
| 906 ## - LOCAL DATA ELEMENT F, LDF (RLIN) |
| a |
7 |
| b |
cbc |
| c |
copycat |
| d |
2 |
| e |
ncip |
| f |
20 |
| g |
y-gencatlg |
| 942 ## - ADDED ENTRY ELEMENTS (KOHA) |
| Source of classification or shelving scheme |
|
| Koha item type |
Book |